LDR 00918naa#a2200157#i#450# 001 RU\\bibl\19441 005 20260516045832.6 100 ## _a20260515b2026####ek#y0rusy0150####ca 102 ## _aRU 200 1# _aЭКСПЕРИМЕНТАЛЬНЫЕ ИССЛЕДОВАНИЯ ВИДОВОГО СОСТАВА НЕЖЕЛАТЕЛЬНОЙ ДРЕВЕСНО-КУСТАРНИКОВОЙ РАСТИТЕЛЬНОСТИ, ПРОИЗРАСТАЮЩЕЙ ВДОЛЬ ЛИНЕЙНЫХ ОБЪЕКТОВ _eСтатья/тезисы конференции 210 1# _aВоронеж _cВоронежский государственный лесотехнический университет имени Г.Ф. Морозова _d2026 215 ## _a4 с. 608 ## _aСтатья/тезисы конференции _2local 675 ## _aУсловия существования растений. 630.181 _z 700 #1 _aПлатонов _gА. А. 856 4# _abibl.vgltu.ru _u